• 首页
  • 本馆介绍
  • 公告通知
  • 最新文献
  • 馆藏检索
  • 电子资源
  • 读者导购
  • 参考咨询
  • 我的图书馆
  • 登录
  • 详细信息显示
  • 放入我的书架
  • 预约/预借图书
  • 作者相关作品
  • 分类相关作品
  • 丛书相关作品
  • 出版社相关作品

书目信息

  • 表格格式
  • 工作单格式
  • 卡片格式
题名:
巴苏陀史
    
 
作者: 埃伦伯格 编著 ;麦格雷戈 改写 ;山东大学翻译组 译
分册: 下册  
出版信息: 济南   山东人民出版社  1975
页数: 315-661页
开本: 20cm
丛书名:
单 册:
中图分类: K481.0
科图分类:
主题词: 古代史--莱索托 , 非洲--历史
电子资源:
ISBN:
000 00858nam0 2200277 45
001 0175003305
005 20061115161020.64
010    @dCNY1.92
100    @a19951017d1975 em y0chiy0121 ea
101 1  @achi@beng@cfre
102    @aCN@b370000
105    @ay z 000yy
200 10 @a巴苏陀史@h下册@Aba su tuo shi@f(法)埃伦伯格编著@g(英)C.麦格雷戈改写@g山东大学翻译组译
210    @a济南@c山东人民出版社@d1975
215    @a315-661页@d20cm
300    @a本书根据J.C.麦格雷戈改名的英语本1969年译出
606    @a古代史@y莱索托
606 0  @a非洲@x历史
607    @a莱索托@x古代史
690    @aK481.0
701  0 @a埃伦伯格@Aai lun bo ge@4编著
702  1 @a麦格雷戈@Amai ge lei ge@bC.@4改写
712 02 @a山东大学翻译组@Ashan dong da xue fan yi zu@4译
801  2 @aCN@bNLC@c20061115
801  0 @aCN@b广东省中山图书馆@c20040512
905    @dK481.0@e5:2
    
    巴苏陀史.下册/(法)埃伦伯格编著/(英)C.麦格雷戈改写/山东大学翻译组译.-济南:山东人民出版社,1975
    315-661页;20cm
    本书根据J.C.麦格雷戈改名的英语本1969年译出
    
    ISBN :CNY1.92
    
●
相关链接 在E读中查询图书 在五车中查询图书 在当当中查询图书 在豆瓣中查询图书


正题名:巴苏陀史     索取号:K481.0/5:2         预约/预借

序号 登录号 条形码 馆藏地/架位号 状态 备注
1 0228308   001396224   第二样本阅览室/ [索取号:K481.0/5:2] 在馆    
唐山师范学院图书馆 欢迎您!
大连网信软件有限公司© 版权所有